[Event "ZN-2010-0-01134"]
[Site "LSS email"]
[Date "2010.08.26"]
[Round "?"]
[White "Gora, Mariusz"]
[Black "Zimmermann, Matthias"]
[Result "1-0"]
[WhiteElo "800"]
[BlackElo "800"]
[PlyCount "35"]
[EventDate "2010.08.19"]
[EventType "match (corr)"]
[EventRounds "2"]
[EventCountry "GER"]
[SourceTitle "Telechess CBM 143"]
[Source "ChessBase"]
[SourceDate "2011.07.15"]
[SourceVersion "1"]
[SourceVersionDate "2011.07.15"]
[SourceQuality "1"]

1. Nf3 d6 2. d4 Nc6 3. e4 Bg4 4. Nc3 f6 5. Be3 e5 6. d5 Nb4 7. a3 Nxd5 8. Nxd5 c6 9. Nc3 d5 10. exd5 cxd5 11. Bb5+ Kf7 12. Qxd5+ Ke7 13. Bc5+ Qd6 14. Bxd6+ Kd8 15. Bxf8+ Kc7 16. Qd6+ Kc8 17. Nd5 a6 18. Qc7# 1-0

[Event "OP-2010-0-01243"]
[Site "LSS email"]
[Date "2010.08.26"]
[Round "?"]
[White "Zeidan, Mohammad"]
[Black "Gora, Mariusz"]
[Result "1-0"]
[WhiteElo "1148"]
[BlackElo "800"]
[PlyCount "61"]
[EventDate "2010.08.20"]
[EventType "tourn (corr)"]
[EventRounds "4"]
[EventCountry "GER"]
[SourceTitle "Telechess CBM 143"]
[Source "ChessBase"]
[SourceDate "2011.07.15"]
[SourceVersion "1"]
[SourceVersionDate "2011.07.15"]
[SourceQuality "1"]

1. e4 c5 2. d3 Nc6 3. f4 g6 4. Nf3 Bg7 5. g3 e6 6. Bg2 Nge7 7. 0-0 0-0 8. Nc3 Nd4 9. Ne2 Nec6 10. c3 Nxf3+ 11. Rxf3 b6 12. f5 d5 13. fxg6 hxg6 14. Rf1 d4 15. c4 e5 16. a3 Be6 17. Bd2 Qd7 18. b4 Bh3 19. b5 Ne7 20. Qe1 Be6 21. a4 a5 22. Kh1 f5 23. Ng1 fxe4 24. Bxe4 Rad8 25. Bg5 Bf5 26. Bxe7 Qxe7 27. Nf3 Bh3 28. Rf2 Bf5 29. Raa2 Rd6 30. Rae2 Bxe4 31. Rxe4 1-0